Missing Word: 2003 Movies Quiz Stats

 Plays Quiz Updated Aug 9, 2012

Support Sporcle.
Go Orange.
Score 0/20 Timer 02:00
0 Plays Today
Hint Answer % Correct
Finding ____Nemo
97.2%
____ in TranslationLost
92%
____ ActuallyLove
91.3%
____ AlmightyBruce
91.2%
How to Lose a Guy in ____ Days10
90.7%
What a Girl ____Wants
89.6%
Something's Gotta ____Give
89%
____ by the DozenCheaper
86.3%
The ____ of Extraordinary GentlemenLeague
79.1%
The Lord of the Rings: The Return of the ____King
78.1%
Hint Answer % Correct
Mona Lisa ____Smile
78.1%
____ SantaBad
76.7%
The ____ of RockSchool
62.6%
____ and Commander: The Far Side of the WorldMaster
56.7%
Terminator 3: Rise of the ____Machines
51.2%
____ RiverMystic
49.2%
Cold ____Mountain
47.8%
Once Upon a Time in ____Mexico
34%
House of ____ and FogSand
32.2%
____ LionsSecondhand
21.7%

Today's Daily Dose

Missing Word
'80s Musicals

Word Ladder
Hereditary

Get the Picture
Food Names

From the Vault

Centuries of Documents

by Cutthroat

History 3m
We should have Nic take a look at all these documents, who knows what treasures he'll find.
Remove Ads.
Support Sporcle.
Get the best of Sporcle when you Go Orange. This ad-free experience offers more features, more stats, and more fun while also helping to support Sporcle. Thank you for becoming a member.

Show Comments

Extras

Top Quizzes Today


Score Distribution

Your Account Isn't Verified!

In order to create a playlist on Sporcle, you need to verify the email address you used during registration. Go to your Sporcle Settings to finish the process.

Report this User

Report this user for behavior that violates our Community Guidelines.

Details: